Fisiología de los animales domésticos

Guardat en:
Dades bibliogràfiques
Autor principal: Dukes, H. H (Autor)
Format: Llibre
Idioma:espanyol
Publicat: Madrid Aguilar 1960
Matèries:
Etiquetes: Afegir etiqueta
Sense etiquetes, Sigues el primer a etiquetar aquest registre!

MARC

LEADER 00000nam a2200000 a 4500
001 UCQ3384
003 CL-VaPUC
008 980821e19600000SP |||||||||||||||||spa|d
082 0 4 |a 591.1  |b DUK  |2 21 
100 0 |a Dukes, H. H  |e author  |9 417475 
245 1 0 |a Fisiología de los animales domésticos 
300 |a 962 p 
942 |c BK 
945 |d 19980821 00:00:00  |a aarredon 
260 |a Madrid  |b Aguilar  |c 1960 
650 0 |a Animales domésticos   |9 344850 
650 7 |a FISIOLOGIA ANIMAL  |2 CL-VaPUC  |9 269586 
650 0 |a Sentidos  |9 266023 
650 0 |a Aparato circulatorio  |9 417464 
650 0 |a Aparato digestivo  |9 269553 
650 7 |a ORGANOS GENITALES  |2 CL-VaPUC  |9 417465 
650 0 |a Reproducción  |9 269783 
650 7 |a CRECIMIENTO  |2 CL-VaPUC  |9 417477 
583 |a last modification  |c 19980821 00:00:00  |k Rodrigo Vera 
999 |c 273970  |d 273968